00890nam a2200253Ia 4500001000600000003000900006008004100015040001300056040001300069041001300082100001700095100002900112245008600141245008600227250001100313260001900324260001500343300004100358500009600399650002400495650003100519700003300550700005300583 6436IT-RoPAU130308s9999 xx 000 0 und d aIT-RoPAU cIT-RoPAU aITALIANO aBabin Pierre gCodice Aut. SPICS: 9703 aFotolinguaggio-Per affrontare i problemi (nuova serie)-Numeri: 13, 14, 15, 16, 17 bFotolinguaggio-Per Affrontare I Problemi (Nuova Serie)-Numeri: 13, 14, 15, 16, 17 a1a ed. aTORINO/LEUMANN bElle Di Ci a"80 p. (prefazione: no ; testo: 80)" a80 fotografie Sui Temi: gioia di vivere Libertà Denaro relazioni Umane Natura e Progresso aSAGGI DI FOTOGRAFIA eCodice materia Spics: 6761 aBaptiste AlainBelisle Claire gCodice Aut. SPICS: 9605Codice Aut. SPICS: 9394